Ethanol production by simuitaeous scarification fermentation, ការផលិតអេតាណុលដោយការបំបែកគ្លុយកូស និងការបន្ទុំក្នុងពេលតែមួយ (Record no. 8341)

000 -LEADER
fixed length control field 00556nam a22001337a 4500
040 ## - CATALOGING SOURCE
Transcribing agency RUA
082 ## - DEWEY DECIMAL CLASSIFICATION NUMBER
Classification number AGI TY 2015 B494 Or.1
100 ## - MAIN ENTRY--AUTHOR NAME
Personal name TY SOVITHOU; ទី សុវិទូរ្យ
245 ## - TITLE STATEMENT
Title Ethanol production by simuitaeous scarification fermentation, ការផលិតអេតាណុលដោយការបំបែកគ្លុយកូស និងការបន្ទុំក្នុងពេលតែមួយ
260 ## - PUBLICATION, DISTRIBUTION, ETC. (IMPRINT)
Place of publication Phnom Penh
Name of publisher ill.
Year of publication 29cm.
300 ## - PHYSICAL DESCRIPTION
Number of Pages viii.30p.
Other physical details ill.
Dimensions 29cm.
856 ## - ELECTRONIC LOCATION AND ACCESS
Uniform Resource Identifier TY SOVITHOU
942 ## - ADDED ENTRY ELEMENTS (KOHA)
Koha item type AGI
952 ## - LOCATION AND ITEM INFORMATION (KOHA)
Withdrawn status [LOCAL, KOHA] 0
952 ## - LOCATION AND ITEM INFORMATION (KOHA)
Withdrawn status [LOCAL, KOHA] 0
952 ## - LOCATION AND ITEM INFORMATION (KOHA)
Withdrawn status [LOCAL, KOHA] 0
952 ## - LOCATION AND ITEM INFORMATION (KOHA)
Withdrawn status [LOCAL, KOHA] 0
952 ## - LOCATION AND ITEM INFORMATION (KOHA)
Withdrawn status [LOCAL, KOHA] 0
952 ## - LOCATION AND ITEM INFORMATION (KOHA)
Withdrawn status [LOCAL, KOHA] 0
952 ## - LOCATION AND ITEM INFORMATION (KOHA)
Withdrawn status [LOCAL, KOHA] 0
952 ## - LOCATION AND ITEM INFORMATION (KOHA)
Withdrawn status [LOCAL, KOHA] 0
Holdings
Permanent Location Date acquired Koha item type Lost status Shelving location Barcode Current Location Full call number
Library Block B2016-07-05AGI B494RUA059681Library Block BAGI TY 2015 B494 Or.1
Library Block B2016-07-05AGI B494RUA059561Library Block BAGI TY 2015 B494 Or.2
Library Block B2016-07-05AGI B494RUA059325Library Block BAGI TY 2015 B494 Or.3
Library Block B2016-07-05AGI B494RUA059441Library Block BAGI TY 2015 B494 Or.4
Library Block B2016-07-05AGI B494RUA059321Library Block BAGI TY 2015 B494 Or.5
Library Block B2016-07-05AGI B494RUA059158Library Block BAGI TY 2015 B494 Or.6
Library Block B2016-07-05AGI B494RUA059726Library Block BAGI TY 2015 B494 Or.7
Library Block B2016-07-05AGI B494RUA059206Library Block BAGI TY 2015 B494 Or.8
មជ្ឈមណ្ឌលឯការនៃសាកលវិទ្យាល័យភូមិន្ទកសិកម្មចំការដូង

Powered by Koha